Simulácia systémov - spojité systémy Kurz

Na minha lista:
Detalhes bibliográficos
Formato: Livro
Idioma:eslovaco
Publicado em: Bratislava Dom techniky ČSVTS 1986
Tags: Adicionar Tag
Sem tags, seja o primeiro a adicionar uma tag!

MARC

LEADER 00000nam a2200000 4500
001 c032417
005 20251110125150.1
041 0 |a slo 
044 |a SK 
245 1 0 |a Simulácia systémov - spojité systémy  |b Kurz 
264 1 |a Bratislava  |b Dom techniky ČSVTS  |c 1986 
300 |a 163 s.